Truyện ngắn chọn lọc
.
Đã lưu trong:
| Tác giả chính: | |
|---|---|
| Định dạng: | Sách |
| Năm xuất bản: |
H.
Văn học
2002
|
| Chủ đề: | |
| Tags: |
Thêm thẻ
Không có thẻ, Hãy là người đầu tiên gắn thẻ bản ghi này!
|
| LEADER | 00783nam a2200181 4500 | ||
|---|---|---|---|
| 082 | |a 813 |b L 430 D | ||
| 100 | |a London, Jack | ||
| 245 | |a Truyện ngắn chọn lọc |c Jack London; Nguyễn Công Ái dịch..; Trần Đức Thành tuyển chọn | ||
| 260 | |a H. |b Văn học |c 2002 | ||
| 300 | |a 505 tr. |c 19 cm | ||
| 500 | |a Nội dung:Miếng Bít tết/Thịnh Đồng dịch. Người Mêhicô/ Thịnh Đồng dịch.Sự im lặng màu trắng/Thái Bá Tân dịch... | ||
| 520 | |a . | ||
| 653 | |a Văn học hiện đại | ||
| 653 | |a Mỹ | ||
| 653 | |a Truyện ngắn | ||
| 942 | |2 ddc |c SH | ||
| 999 | |c 5313 |d 5313 | ||
| 952 | |0 0 |1 0 |2 ddc |4 0 |6 813_L_430000000000000_D |7 0 |8 800 |9 50968 |a qbu |b qbu |c D5 |d 2014-12-22 |g 60000 |o 813 L 430 D |p 421.C1 |r 0000-00-00 |w 2014-12-22 |y SH |0 0 |6 813_L_430000000000000_D | ||